00926nam a22002777a 45000010005000000030009000050050017000140070005000310080032000360200015000680400022000830820024001050920021001291000026001502450061001762600047002373000022002845000074003065900026003806500023004066500024004299100040004539420012004939520128005059990015006330074DO-SdBNP20240723105504.00074151207b1990 cl ||| 00| 0 spa d a9583000043 aBPMSUbspacBPMSU 4a863.3bQ5h 1990222 axxxxxxxbxxxxxxx1 aQuevedo, Francisco de10aHistoria de la vida del Buscón /cFrancisco de Quevedo aBogotá, Colombia :bPanamericana,c1990. a217 p. ;c16 cm. aIncluye referencias bibliográficas y notas al pie de las páginas aInventariado, 2024/VM 4aNovela española  4aSátira española aVMateo V. Control de calidad. BPMSU 2ddccBK 00102ddc40708CGaBPMETbBPMETd2015-12-07eFUNDIl0oBPMSU CG 863.3 Q5h 1990pBPMSU15120050r2015-12-07w2015-12-07yBK c9016d9016